00449nam a2200169 a 450000100060000000300090000600800410001502000150005604000280007108200160009910000340011524500240014926000520017330000120022565000270023765000150026411381CO-ViMGA141112s2004 ck r 000 u spa d a0911560025 aCO-ViMGAbspacCO-ViMGA04a220.2 W715l1 aUrantia foundation, Chicago, 10aEl Libro de Urantia aChicago (EE.UU.) : bUrantia foundation, c1993 a2097.p.14aBIBLIA - CONCORDANCIAS14aCOSMOGONIA